Coloniality of power and eurocentrism in Latin America /

La globalización del mundo fue, en primer lugar, la culminación de un proceso que comenzó con la constitución de América y el capitalismo mundial como un poder mundial colonial/moderno eurocéntrico. Uno de los fundamentos de este patrón de poder fue la clasificación social de la población mundial so...

Deskribapen osoa

Gorde:
Xehetasun bibliografikoak
Egile nagusia: Quijano Obregón, Aníbal
Formatua: Texto
Gaiak:
Etiketak: Etiketa erantsi
Etiketarik gabe, Izan zaitez lehena erregistro honi etiketa jartzen!

MARC

LEADER 00000 a a2200000 04500
001 8788
003
040
100 |a Quijano Obregón, Aníbal  
245 |a Coloniality of power and eurocentrism in Latin America /  |c Aníbal Quijano Obregón 
520 |a La globalización del mundo fue, en primer lugar, la culminación de un proceso que comenzó con la constitución de América y el capitalismo mundial como un poder mundial colonial/moderno eurocéntrico. Uno de los fundamentos de este patrón de poder fue la clasificación social de la población mundial sobre la base de la idea de raza, una construcción mental que expresó la experiencia colonial y que permea las dimensiones más importantes del poder mundial, incluyendo su racionalidad específica: el eurocentrismo. El artículo discute algunas implicaciones de la colonialidad del poder en la historia latinoamericana. REV//ALJ  
650 |a CAPITALISMO  
650 |a COLONIALISMO  
650 |a PODER  
773 |g volumen 15, número 2; páginas 215-232  
999 |c 25943  |d 25943